| 000 | 01157nam a2200277Ia 4500 | ||
|---|---|---|---|
| 999 |
_c65257 _d65257 |
||
| 005 | 20240530110815.0 | ||
| 008 | 140319s2008 au a f b 000 0 ara d | ||
| 017 |
_a2008/19293 _bمصر. دار الكتب |
||
| 020 | _a9774378989 | ||
| 040 |
_aGCL / _cGCL |
||
| 082 | 0 | 4 |
_221 _a792.0973 / _bش م |
| 100 | 1 | _aشانك ، ثيودور | |
| 245 | 1 | 0 |
_aما وراء الحدود : _bالمسرح الامريكى البديل / _cتأليف ثيودور شانك ؛ ترجمة سامى خشبة ؛ مراجعة محمد عبدالعاطى _nالجزء الاول 1960 - 1980 |
| 250 | _aط.1 | ||
| 260 |
_aالقاهرة : _bوزارة الثقافة : مهرجان القاهرة الدولى للمسرح التجريبى، _c2008 . |
||
| 300 |
_a294 ص. : _bايض. ؛ _c24 سم. |
||
| 650 | 0 | 7 |
_aالمسرح _2qrmak |
| 650 | 0 | 7 |
_aالسينما _2qrmak |
| 650 | 0 | 7 |
_aالتمثيل _2qrmak |
| 650 | 0 | 7 |
_aالمسرح _xتاريخ ونقد _2qrmak _zامريكا |
| 651 | _2qrmak | ||
| 700 | 0 |
_aسامى خشبة _eمترجم |
|
| 700 | 0 |
_aمحمد عبدالعاطى _eمراجع |
|
| 942 |
_2ddc _cBK |
||